000 00400nam a2200181Ia 4500
001 1160
005 20260306140611.0
008 260306t2014||||xx |||||||||||||| ||spa||
041 _aESP
082 _a185
_bA72S
100 _aAristóteles
_eAUT
245 0 _aSobre el mundo
260 _c2014
300 _a110 páginas :
_c21 cm.
650 _aGEN
654 _aCHU
942 _cLIB
_dJUS
_fJUS
_2ddc
_n
999 _c1160
_d1160